00565nam a2200193Ia 450000500170000000800410001702000150005808200130007310000200008624500560010626000390016230000190020165000080022065000130022865000140024194200060025595200950026199900150035620240902012430.0240331s9999 xx 000 0 und d a8646299116 bGOOa792 aGoonewardene, S 0aThis total art :bperceptions of Sri Lankan theatre aMurrumbeenabLantana Publishingc  axxiv, 247 p ., aArt a Theatre aPolitical cL 001040708LaWERCLbWERCLcSSCd2024-03-31l0o 792 GOOp5098r2024-03-31w2024-03-31yL c3072d3072